دليلك في المحافظة على صحة طفلك / (رقم التسجيلة. 17317)

تفاصيل مارك
000 -LEADER
fixed length control field 00705nam a22002057a 4500
005 - DATE AND TIME OF LATEST TRANSACTION
control field 20251108164919.0
008 - FIXED-LENGTH DATA ELEMENTS--GENERAL INFORMATION
fixed length control field 250721s1996 xx 000 0 ara d
082 14 - DEWEY DECIMAL CLASSIFICATION NUMBER
Classification number 649.1/حوت
100 1# - MAIN ENTRY--PERSONAL NAME
Personal name الحوت، جمال منير
245 10 - TITLE STATEMENT
Title دليلك في المحافظة على صحة طفلك /
264 1# - PRODUCTION, PUBLICATION, DISTRIBUTION, MANUFACTURE, AND COPYRIGHT NOTICE
Place of production, publication, distribution, manufacture بيروت :
Name of producer, publisher, distributor, manufacturer عالم الكتب،
Date of production, publication, distribution, manufacture, or copyright notice 1996.
300 ## - PHYSICAL DESCRIPTION
Extent 151ص.
490 0# - SERIES STATEMENT
Series statement سلسلة كتاب الطفل
500 ## - GENERAL NOTE
General note كتاب أبو علندا الذي يحمل رقم باركود pld00072615 له رقم متسلسل هو 2054 لكنه مكرر .
650 17 - SUBJECT ADDED ENTRY--TOPICAL TERM
Topical term or geographic name as entry element الأطفال
650 17 - SUBJECT ADDED ENTRY--TOPICAL TERM
Topical term or geographic name as entry element الصحة
650 17 - SUBJECT ADDED ENTRY--TOPICAL TERM
Topical term or geographic name as entry element طب الأطفال
942 ## - ADDED ENTRY ELEMENTS (KOHA)
Source of classification or shelving scheme Dewey Decimal Classification
Koha item type كتب
المقتنيات
حالة السحب حالة الفقدان مصدر التصنيف حالة التلف غير قابل للإعارة المكتبة الرئيسية المكتبة الحالية موقع الرف تاريخ التزويد الرقم المتسلسل Total Checkouts رقم الإستدعاء تاريخ آخر ظهور تاريخ الفاتورة نوع المادة (كوها) الباركود
    Dewey Decimal Classification Unchecked   المكتبة المركزية المكتبة المركزية الإعارة 06/07/2004 254657   649.1/حوت 28/07/2025 06/07/2004 كتب  
    Dewey Decimal Classification     المكتبة المركزية المكتبة المركزية الإعارة 06/07/2004 254658   649.1/حوت 28/07/2025 06/07/2004 كتب 254658
    Dewey Decimal Classification     المكتبة المركزية المكتبة المركزية الإعارة 14/03/2017 1650217   649.1/حوت 28/07/2025 14/03/2017 كتب PLD00404261
    Dewey Decimal Classification     المكتبة المركزية المكتبة المركزية   28/07/2025 1761560   649.1/حوت 28/07/2025 28/07/2025 كتب  
    Dewey Decimal Classification Unchecked   مكتبة أبو علندا العامة مكتبة أبو علندا العامة الإعارة 06/07/2004 313   649.1/حوت 28/07/2025 06/07/2004 كتب  
    Dewey Decimal Classification     مكتبة أبو علندا العامة مكتبة أبو علندا العامة الإعارة 06/07/2004 311   649.1/حوت 28/07/2025 06/07/2004 كتب DUP-01_311
    Dewey Decimal Classification     مكتبة أبو علندا العامة مكتبة أبو علندا العامة الإعارة 14/02/2009     649.1/حوت 28/07/2025 14/02/2009 كتب PLD00072615
    Dewey Decimal Classification     مكتبة الأميرة ايمان العامة مكتبة الأميرة ايمان العامة الإعارة 14/09/2013 [10120]   649.1/حوت 28/07/2025 14/09/2013 كتب PLD00276317
    Dewey Decimal Classification Unchecked   مكتبة الاميرة بديعة مكتبة الاميرة بديعة الإعارة 06/07/2004 6191   649.1/حوت 28/07/2025 06/07/2004 كتب  
    Dewey Decimal Classification Unchecked   مكتبة الاميرة بديعة مكتبة الاميرة بديعة الإعارة 06/07/2004 6191   649.1/حوت 28/07/2025 06/07/2004 كتب  
    Dewey Decimal Classification     مكتبة النصر العامة مكتبة النصر العامة الإعارة 11/04/2015 [ 8930 ]   649.1/حوت 28/07/2025 11/04/2015 كتب PLD00383222
    Dewey Decimal Classification     مكتبة حمزة العامة مكتبة حمزة العامة الإعارة 12/01/2016 [5800]..   649.1/حوت 28/07/2025 12/01/2016 كتب PLD00368808
    Dewey Decimal Classification     مكتبة صويلح العامة مكتبة صويلح العامة الإعارة 19/06/2019 [13091]   649.1/حوت 28/07/2025 19/06/2019 كتب PLD00454620
    Dewey Decimal Classification Unchecked   مكتبة وادي السير العامة مكتبة وادي السير العامة الإعارة 06/07/2004 7045   649.1/حوت 28/07/2025 06/07/2004 كتب  
Implemented & Customized by: BBB with SCIT (Smart Chains for Information Technology)

Powered by Koha